000 00435 a2200169 4500
005 20260106105056.0
008 250830b |||||||| |||| 00| 0 eng d
020 _a9780857427922
080 _aF
_bTOM/H
100 _aTompa,Andrea
245 _aThe hangman's house
260 _bSeagull books
_aCalcutta.
_c2021.
300 _a340p.
653 _aFiction-Novel-English Literature
700 _aBernard Adams; tr.by
942 _cBK
999 _c114890
_d114889